00686nam a2200217Ia 450000500170000000800410001704000190005804100120007708200170008910000160010624500770012226000350019930000100023465000210024465100320026570000330029785000100033094200070034099900170034795201040036420230404110414.0131103s9999 xx 000 0 und d aLoreto College aEnglish a891.448bPEN aThomas, Pen aThamas Pener rajnaitik rachanabolictranslated by Prabhat Kumar Banerjee aBombaybParl Publicationc1958 a240p  aAmerican History aAmerican Politics - History aBanerjee, Prabhat Kumar, tr. aLCLIB cBK c17793d68272 00102ddc4070aMAINbMAINd2013-11-04l0o891.448 PEN 13139pB18238r2013-11-04w2013-11-04yBKf